000 01642nam1a22003371 4500
001 v19\rc\1502400
005 20060620121312.5
035 _a(NLR Aleph) 004629275
090 _a3145101
_c3145101
100 _a20060620d1883 |||y0rusy50 ca
101 1 _arus
_cger
102 _aRU
105 _a j |||||
200 1 _aУчебник клинической и оперативной хирургии
_eПер. с 2-го испр. и доп. нем. изд.
_f[Соч.] Д-ра Эдуарда Альберта, проф. хирургии в Вене
_gПод ред. и с прим. с 1-24 л. доц. хирургии А.С. Яценка и 25-35 л. прив.-доц. А.К. Флейшера. Т. 1-
210 _aКиев
_cтип. Е.Я. Федорова
_d1883
215 _d24
300 _aЗагл. оригинала: "Lehrbuch der speciellen Chirurgie"
300 _aПер. также под загл.: "Учебник частной хирургии"
451 0 _12001#$aУчебник частной хирургии
_tУчебник частной хирургии
454 0 _12001#$aLehrbuch der speciellen Chirurgie
_tLehrbuch der speciellen Chirurgie
700 1 _aАльберт
_bЭ.
_f1841-1900
_gЭдуард
702 1 _aЯценко
_bА. С.
_f1842-1897
_gАлександр Степанович
_4340
_4212
702 1 _aФлейшер
_bА. К.
_f1845-1902
_gАдольф Карлович
_4340
_4212
801 0 _aRU
_bNLR
_gpsbo
801 0 _aRU
_bRuMoRGB
_2psbo
801 1 _aRU
_bProSoft-M
_2rusmarc
852 _aNLR
_j18.218.3.11
899 _aRuMoRGB
_jJ 26/556
899 _aБАН
942 _cBOOK
980 _aNB